Normal view MARC view
  • Bauer, Kurt W.

Entry Personal Name

Number of records used in: 5

001 - CONTROL NUMBER

  • control field: 807

003 - CONTROL NUMBER IDENTIFIER

  • control field: NUST

005 - DATE AND TIME OF LATEST TRANSACTION

  • control field: 20170516105610.0

008 - FIXED-LENGTH DATA ELEMENTS

  • fixed length control field: 170516|| aca||aabn | a|a d

040 ## - CATALOGING SOURCE

  • Original cataloging agency: NUST
  • Transcribing agency: NUST

100 ## - HEADING--PERSONAL NAME

  • Personal name: Bauer, Kurt W.

670 ## - SOURCE DATA FOUND

  • Source citation: Work cat.: (NUST)0: Bauer, Kurt W., City planning for civil engineers, environmental engineers, and surveyors /, c2010.
© 2023 Central Library, National University of Sciences and Technology. All Rights Reserved.